Informačné zabezpečenie pedagogického a výskumno-vývojového procesu na EU

Slovenská ekonomická knižnica (SEK) ako integrálna súčasť Ekonomickej univerzity. SEK ako informačná, výchovno-vzdelávacia a kultúrna inštitúcia s pôsobnosťou pre celé Slovensko. Funkcie knižnice. Knižnično-informačný systém SEK. Knižnično-informačné služby. Elektronické informačné zdroje (e-zdroje...

Ausführliche Beschreibung

Gespeichert in:
Bibliographische Detailangaben
1. Verfasser: Mártonová, Renáta
Format: Buchkapitel
Sprache:Slowakisch
Schlagworte:
Tags: Tag hinzufügen
Keine Tags, Fügen Sie das erste Tag hinzu!

MARC

LEADER 00000naa$a2200000$$$4500
001 0028117
005 20240502071429.7
041 0 |a slo 
044 |a SK 
245 1 0 |a Informačné zabezpečenie pedagogického a výskumno-vývojového procesu na EU  |c Renáta Mártonová 
520 |a Slovenská ekonomická knižnica (SEK) ako integrálna súčasť Ekonomickej univerzity. SEK ako informačná, výchovno-vzdelávacia a kultúrna inštitúcia s pôsobnosťou pre celé Slovensko. Funkcie knižnice. Knižnično-informačný systém SEK. Knižnično-informačné služby. Elektronické informačné zdroje (e-zdroje). Program informačného vzdelávania používateľov. 
610 2 0 |a knižnice 
610 2 0 |a zabezpečenie informačné 
610 2 0 |a výchova odborná 
610 2 0 |a vzdelávanie vysokoškolské 
610 2 0 |a systémy informačné 
610 2 0 |a služby informačné 
610 2 0 |a zdroje informačné elektronické 
610 2 0 |a Slovenská ekonomická knižnica 
100 1 |a Mártonová, Renáta